Gazowane napoje pomarańczowe i cytrynowe - Statystyki

Ogólne statystyki
  • Ten quiz został rozwiązany 525 razy
  • Średni wynik to 4 z 16
Statystyki odpowiedzi
Marka % Poprawnych
Fanta
91%
Mirinda
85%
Sprite
65%
7 up
50%
Zbyszko
50%
Hellena
26%
Lemo (marka Biedronki)
14%
Orangina
11%
Schweppes
11%
Krzyś (marka Jurajska)
9%
Hoop (Pomarańcza lub Cytryna)
4%
Orango (marka Biedronki)
4%
Freeway (marka Lidla)
3%
Lift
3%
Maxer
3%
Mr Max
0%
Nie znaleziono quizów pasujących do podanych kryteriów
Rozkład punktacji
Procent ludzi z każdym wynikiem
Percentyl według liczby udzielonych odpowiedzi
Twoja historia wyników
Nie rozwiązałeś tego quizu